00402pab a2200157 454500008004000000100001600040245005300056260000900109300001300118362001200131650001400143650001700157650002700174650001000201773003300211180718b1999 xxu||||| |||| 00| 0 eng d aRizwana, A. aCrime against women and legal aid - a case study c1999 ap.271-83 aApr-Jun aLegal aid aCase studies aWomen - Crimes against aWomen aJournal of Rural Development